[Event "GER-ch U25-B"]
[Site "Willingen"]
[Date "2023.06.02"]
[Round "8"]
[White "Weis, Constantin"]
[Black "Weyerer, Noah"]
[Result "0-1"]
[WhiteElo "1677"]
[BlackElo "1677"]
[PlyCount "84"]
[EventDate "2023.05.27"]
[EventType "swiss"]
[EventRounds "9"]
[EventCountry "GER"]
[SourceTitle "CBM 214 Extra"]
[Source "ChessBase"]
[SourceDate "2023.07.31"]
[SourceVersion "1"]
[SourceVersionDate "2023.07.31"]
[SourceQuality "1"]

1. e4 e6 2. Nf3 d5 3. Nc3 Nf6 4. e5 Nfd7 5. d4 c5 6. Ne2 cxd4 7. Nexd4 Nc6 8. Nxc6 bxc6 9. c3 Qc7 10. Bf4 Qb6 11. Qc2 Ba6 12. Bxa6 Qxa6 13. Qe2 Qb7 14. 0-0 Be7 15. b3 0-0 16. Ng5 Rfe8 17. Qh5 Bxg5 18. Qxg5 c5 19. Rfd1 Nf8 20. h4 Qe7 21. Qg3 f6 22. h5 fxe5 23. Bxe5 Nd7 24. Bf4 Qf7 25. h6 e5 26. Bd2 g6 27. Re1 Qf5 28. Rad1 Nf6 29. Bc1 d4 30. cxd4 cxd4 31. f3 Rac8 32. Re2 Nd5 33. Rde1 d3 34. Re4 Nc3 35. Rxe5 Rxe5 36. Rxe5 Ne2+ 37. Rxe2 dxe2 38. Bd2 Qc5+ 39. Kh2 Qd4 40. Qh3 Qd6+ 41. Bf4 Qxf4+ 42. g3 Qf5 0-1

[Event "GER-ch U25-B"]
[Site "Willingen"]
[Date "2023.05.28"]
[Round "1"]
[White "Weis, Constantin"]
[Black "Sitnik, Arthur"]
[Result "0-1"]
[WhiteElo "1677"]
[BlackElo "1267"]
[PlyCount "46"]
[EventDate "2023.05.27"]
[EventType "swiss"]
[EventRounds "9"]
[EventCountry "GER"]
[SourceTitle "CBM 214 Extra"]
[Source "ChessBase"]
[SourceDate "2023.07.31"]
[SourceVersion "1"]
[SourceVersionDate "2023.07.31"]
[SourceQuality "1"]

1. e4 e5 2. Nf3 Nc6 3. Bb5 a6 4. Ba4 Bc5 5. 0-0 d6 6. c3 b5 7. Bb3 Bg4 8. h3 Bh5 9. d3 Nh6 10. Bd5 Qd7 11. Nxe5 Nxe5 12. Qxh5 c6 13. Bb3 Nxd3 14. Bxh6 gxh6 15. Qxh6 0-0-0 16. Qf6 Rhg8 17. Qxf7 Rgf8 18. Qxd7+ Kxd7 19. Nd2 Nxf2 20. Kh2 Be3 21. Nf3 Nxe4 22. g3 d5 23. Rae1 Bf2 0-1

[Event "GER-ch Net blitz qual3"]
[Site "Playchess.com INT"]
[Date "2021.05.07"]
[Round "6"]
[White "Bassenhoff, Aljoscha"]
[Black "Weis, Constantin"]
[Result "1-0"]
[WhiteElo "1830"]
[BlackElo "1637"]
[PlyCount "47"]
[EventDate "2021.05.07"]
[EventType "swiss (blitz)"]
[EventRounds "11"]
[EventCountry "GER"]
[SourceTitle "CBM 202 Extra"]
[Source "ChessBase"]
[SourceDate "2021.07.31"]
[SourceVersion "1"]
[SourceVersionDate "2021.07.31"]
[SourceQuality "1"]

1. c4 Nf6 2. g3 e6 3. Bg2 d5 4. Nf3 Be7 5. 0-0 c5 6. cxd5 exd5 7. d4 c4 8. b3 cxb3 9. Qxb3 0-0 10. Nc3 Be6 11. Bf4 Nbd7 12. Nb5 Ne4 13. Rac1 Ndf6 14. Bc7 Qd7 15. Ne5 Qe8 16. Ba5 Nd2 17. Bxd2 Qd8 18. Nc7 Rc8 19. Nxe6 fxe6 20. Rxc8 Qxc8 21. Rc1 Qb8 22. Bg5 h6 23. Bxf6 Bxf6 24. Nd7 1-0

[Event "GER-ch Net blitz qual3"]
[Site "Playchess.com INT"]
[Date "2021.05.07"]
[Round "10"]
[White "Schulz, Bernd"]
[Black "Weis, Constantin"]
[Result "1/2-1/2"]
[WhiteElo "1824"]
[BlackElo "1637"]
[PlyCount "93"]
[EventDate "2021.05.07"]
[EventType "swiss (blitz)"]
[EventRounds "11"]
[EventCountry "GER"]
[SourceTitle "CBM 202 Extra"]
[Source "ChessBase"]
[SourceDate "2021.07.31"]
[SourceVersion "1"]
[SourceVersionDate "2021.07.31"]
[SourceQuality "1"]

1. e4 c5 2. c3 d5 3. exd5 Qxd5 4. d4 cxd4 5. cxd4 Nf6 6. Nf3 Bf5 7. Be2 e6 8. 0-0 Be7 9. Bf4 0-0 10. Nc3 Qd7 11. Nb5 Nc6 12. Ne5 Nxe5 13. Bxe5 a6 14. Nc3 Rac8 15. Bf3 b5 16. Re1 Bb4 17. Rc1 Qe7 18. Qb3 Nd7 19. a3 Nxe5 20. dxe5 Bc5 21. Ne4 Bxe4 22. Bxe4 Qg5 23. Rcd1 Rfd8 24. Rxd8+ Rxd8 25. Qc2 h6 26. Qxc5 Qf4 27. Qe3 Qh4 28. g3 Qe7 29. Bb1 Qc7 30. Qe4 g6 31. Qe3 Kg7 32. h4 h5 33. Qe2 Qc5 34. Kh2 Rd5 35. f4 Qa7 36. Be4 Rd4 37. Rd1 Rxd1 38. Qxd1 Qf2+ 39. Bg2 Qxb2 40. Qd6 a5 41. Qe7 b4 42. axb4 axb4 43. Qf6+ Kg8 44. Qd8+ Kg7 45. Qf6+ Kg8 46. Qd8+ Kg7 47. Qf6+ 1/2-1/2

[Event "GER-ch Net blitz qual2"]
[Site "Playchess.com INT"]
[Date "2021.05.04"]
[Round "10"]
[White "Friemel, Reinhard"]
[Black "Weis, Constantin"]
[Result "1-0"]
[WhiteElo "1651"]
[BlackElo "1620"]
[PlyCount "79"]
[EventDate "2021.05.04"]
[EventType "swiss (blitz)"]
[EventRounds "11"]
[EventCountry "GER"]
[SourceTitle "CBM 202 Extra"]
[Source "ChessBase"]
[SourceDate "2021.07.31"]
[SourceVersion "1"]
[SourceVersionDate "2021.07.31"]
[SourceQuality "1"]

1. e4 c5 2. c4 Nc6 3. Nc3 e6 4. g3 Nf6 5. Bg2 d6 6. Nge2 Be7 7. d3 0-0 8. 0-0 Ne8 9. h3 f5 10. f4 a6 11. a3 Rb8 12. Rb1 Qc7 13. b4 cxb4 14. axb4 b5 15. cxb5 axb5 16. exf5 exf5 17. Nd5 Qd8 18. Qb3 Kh8 19. Bb2 Bb7 20. Ra1 Nf6 21. Nxe7 Nxe7 22. Bxb7 Rxb7 23. Nd4 Qb6 24. Kh2 Nc6 25. Ne6 Re8 26. Bxf6 Rxe6 27. Qxe6 gxf6 28. Qxf6+ Kg8 29. Ra8+ Rb8 30. Rxb8+ Nxb8 31. Qe6+ Kg7 32. Kg2 Qc6+ 33. Kg1 Qb6+ 34. Rf2 Qa7 35. Qxf5 Qa1+ 36. Kg2 Qd4 37. Qe4 Qc3 38. Qb7+ Nd7 39. Qxd7+ Kg6 40. Qxd6+ 1-0

[Event "GER-ch Net blitz qual2"]
[Site "Playchess.com INT"]
[Date "2021.05.04"]
[Round "6"]
[White "Heiligtag, Matthias"]
[Black "Weis, Constantin"]
[Result "1-0"]
[WhiteElo "1730"]
[BlackElo "1620"]
[PlyCount "51"]
[EventDate "2021.05.04"]
[EventType "swiss (blitz)"]
[EventRounds "11"]
[EventCountry "GER"]
[SourceTitle "CBM 202 Extra"]
[Source "ChessBase"]
[SourceDate "2021.07.31"]
[SourceVersion "1"]
[SourceVersionDate "2021.07.31"]
[SourceQuality "1"]

1. e4 c5 2. Nf3 d6 3. d4 cxd4 4. Nxd4 Nf6 5. Nc3 a6 6. Be3 e5 7. Nf3 Be7 8. h3 Be6 9. Na4 Nbd7 10. Ng5 0-0 11. Nxe6 fxe6 12. Bc4 Kf7 13. g4 b5 14. g5 bxc4 15. gxf6 Nxf6 16. Nb6 Rb8 17. Nxc4 Nxe4 18. Qf3+ Nf6 19. 0-0-0 d5 20. Nxe5+ Kg8 21. Nc6 Qc7 22. Nxb8 Rxb8 23. Rhe1 Qb7 24. Bd4 Ne4 25. Qg4 Qc6 26. Qxg7# 1-0

[Event "GER-ch Net blitz qual2"]
[Site "Playchess.com INT"]
[Date "2021.05.04"]
[Round "9"]
[White "Weis, Constantin"]
[Black "Polaski, Frank"]
[Result "1-0"]
[WhiteElo "1620"]
[BlackElo "1436"]
[PlyCount "69"]
[EventDate "2021.05.04"]
[EventType "swiss (blitz)"]
[EventRounds "11"]
[EventCountry "GER"]
[SourceTitle "CBM 202 Extra"]
[Source "ChessBase"]
[SourceDate "2021.07.31"]
[SourceVersion "1"]
[SourceVersionDate "2021.07.31"]
[SourceQuality "1"]

1. e4 e5 2. Nf3 Nc6 3. Bb5 d6 4. d4 a6 5. Bc4 b5 6. Bb3 Bg4 7. Bxf7+ Kxf7 8. Ng5+ Ke8 9. Qxg4 Nxd4 10. Qd1 Be7 11. Nf3 Ne6 12. 0-0 h6 13. Nc3 c6 14. Be3 Nf6 15. a3 Rc8 16. Qe2 Nd7 17. Rad1 Ndc5 18. b4 Nd7 19. Rd2 Qc7 20. Rfd1 Rf8 21. Ne1 Nb6 22. Qh5+ Kd8 23. Qg6 Rf6 24. Qg4 Nc4 25. Re2 Kd7 26. Nf3 Rd8 27. Nh4 Kc8 28. Nf5 Bf8 29. Qh4 Be7 30. Qh3 Kb7 31. f3 Nxe3 32. Rxe3 Ng5 33. Qg3 Qc8 34. Nxg7 Ne6 35. Nf5 1-0

[Event "DSOL 04 Liga Gr-A 1st"]
[Site "Playchess.com INT"]
[Date "2020.08.03"]
[Round "7.4"]
[White "Weis, Constantin"]
[Black "Herzog, Stefan"]
[Result "1-0"]
[WhiteElo "1594"]
[BlackElo "1537"]
[PlyCount "45"]
[EventDate "2020.06.22"]
[EventType "team-tourn (rapid)"]
[EventCountry "GER"]
[SourceTitle "EXT 2021"]
[Source "ChessBase"]
[SourceDate "2020.10.23"]
[SourceVersion "1"]
[SourceVersionDate "2020.10.23"]
[SourceQuality "1"]
[WhiteTeam "Falkensee Caissa"]
[BlackTeam "Eisenberg"]
[WhiteTeamCountry "GER"]
[BlackTeamCountry "GER"]

1. e4 c5 2. Nf3 e6 3. d4 cxd4 4. Nxd4 Bc5 5. Nb5 Qb6 6. Qd2 Nf6 7. N1c3 a6 8. Na4 Qc6 9. Nxc5 axb5 10. Qe3 0-0 11. Bd3 d5 12. e5 Nfd7 13. Nb3 b6 14. 0-0 Nc5 15. Nxc5 bxc5 16. Qh3 g6 17. Bg5 Nd7 18. Qh6 f5 19. exf6 Nxf6 20. Bxg6 Ra7 21. Bxf6 e5 22. Bxh7+ Rxh7 23. Qg6+ 1-0

[Event "DSOL 04 Liga Gr-A 1st"]
[Site "Playchess.com INT"]
[Date "2020.07.10"]
[Round "3.4"]
[White "Weis, Constantin"]
[Black "Malditz, Dieter"]
[Result "1-0"]
[WhiteElo "1594"]
[BlackElo "1777"]
[PlyCount "63"]
[EventDate "2020.06.22"]
[EventType "team-tourn (rapid)"]
[EventCountry "GER"]
[SourceTitle "EXT 2021"]
[Source "ChessBase"]
[SourceDate "2020.10.23"]
[SourceVersion "1"]
[SourceVersionDate "2020.10.23"]
[SourceQuality "1"]
[WhiteTeam "Falkensee Caissa"]
[BlackTeam "Ludwigshafen II"]
[WhiteTeamCountry "GER"]
[BlackTeamCountry "GER"]

1. e4 c6 2. d4 d5 3. exd5 cxd5 4. Bd3 Nf6 5. Bf4 Nc6 6. c3 Bg4 7. Qb3 Na5 8. Qa4+ Bd7 9. Qc2 e6 10. Nf3 Be7 11. 0-0 0-0 12. Nbd2 Rc8 13. Ne5 Bd6 14. Nxf7 Rxf7 15. Bxd6 Nc6 16. Nf3 Be8 17. Be5 Nb4 18. Qd2 Nxd3 19. Qxd3 Ne4 20. Nd2 Nd6 21. Rfe1 Bb5 22. Qg3 Nf5 23. Qg4 Qb6 24. Nf3 Nh6 25. Qg3 Nf5 26. Qg4 Nh6 27. Qh3 Bd3 28. Bxg7 Bf5 29. Qxh6 Rxg7 30. Nh4 Qxb2 31. Nxf5 exf5 32. Qe6+ 1-0